000 00595nam a2200217Ia 4500
005 20240116095548.0
008 131103s9999 xx 000 0 und d
020 _a07100 68972
040 _aLoreto College
041 _aEnglish
082 _a370
_bMAN
245 3 _aAn Introduction to the Sociology of Education,
_cKarl Mannheim and W.A.C.Stewart
260 _aLondon
_bRoutledge & Kegan Paul
_c1962
300 _axvii,187 p.
504 _aIncludes notes and index
650 _aEducation
651 _aEducation
700 _aStewart,W.A.C.,auth.
850 _aLCLIB
942 _cBK
999 _c2958
_d53437